Boundary value problems / (Record no. 200468156)

MARC details
000 -LEADER
fixed length control field 01048cam a2200349 i 4500
001 - CONTROL NUMBER
control field 200468156
003 - CONTROL NUMBER IDENTIFIER
control field TR-AnTOB
005 - DATE AND TIME OF LATEST TRANSACTION
control field 20260416145215.0
007 - PHYSICAL DESCRIPTION FIXED FIELD--GENERAL INFORMATION
fixed length control field ta
008 - FIXED-LENGTH DATA ELEMENTS--GENERAL INFORMATION
fixed length control field 891228t19661966nyu b 001 0 eng
010 ## - LIBRARY OF CONGRESS CONTROL NUMBER
LC control number 89071524
020 ## - INTERNATIONAL STANDARD BOOK NUMBER
International Standard Book Number 0486662756
International Standard Book Number 9780486662756
035 ## - SYSTEM CONTROL NUMBER
System control number 1511245
040 ## - CATALOGING SOURCE
Original cataloging agency DLC
Transcribing agency DLC
Modifying agency DLC
-- TR-AnTOB
Language of cataloging eng
Description conventions rda
041 1# - LANGUAGE CODE
Language code of text/sound track or separate title İngilizce
Language code of original rus
050 14 - LIBRARY OF CONGRESS CALL NUMBER
Classification number QA379
Item number .G34513 1966
090 ## - LOCALLY ASSIGNED LC-TYPE CALL NUMBER (OCLC); LOCAL CALL NUMBER (RLIN)
Classification number (OCLC) (R) ; Classification number, CALL (RLIN) (NR) QA379
Local cutter number (OCLC) ; Book number/undivided call number, CALL (RLIN) .G34513 1966
100 1# - MAIN ENTRY--PERSONAL NAME
Personal name Gakhov, F. D.
Fuller form of name (Fedor Dmitrievich)
9 (RLIN) 153740
Relator term author
240 10 - UNIFORM TITLE
Uniform title Kraevye zadachi.
Language of a work English
245 10 - TITLE STATEMENT
Title Boundary value problems /
Statement of responsibility, etc. F.D. Gakhov ; translation edited by I.N. Sneddon.
264 #1 - PRODUCTION, PUBLICATION, DISTRIBUTION, MANUFACTURE, AND COPYRIGHT NOTICE
Place of production, publication, distribution, manufacture New York :
Name of producer, publisher, distributor, manufacturer Pergamon Press,
Date of production, publication, distribution, manufacture, or copyright notice 1966.
300 ## - PHYSICAL DESCRIPTION
Extent xix, 561 pages ;
Dimensions 22 cm
336 ## - CONTENT TYPE
Content type term text
Content type code txt
Source rdacontent
337 ## - MEDIA TYPE
Media type term unmediated
Media type code n
Source rdamedia
338 ## - CARRIER TYPE
Carrier type term volume
Carrier type code nc
Source rdacarrier
504 ## - BIBLIOGRAPHY, ETC. NOTE
Bibliography, etc. note Includes bibliographical references and index.
650 #0 - SUBJECT ADDED ENTRY--TOPICAL TERM
Topical term or geographic name entry element Boundary value problems
9 (RLIN) 1009
700 1# - ADDED ENTRY--PERSONAL NAME
Personal name Sneddon, Ian Naismith
Relator term translator
9 (RLIN) 44012
942 ## - ADDED ENTRY ELEMENTS (KOHA)
Source of classification or shelving scheme Library of Congress Classification
Koha item type Book
Holdings
Withdrawn status Lost status Source of classification or shelving scheme Not for loan Collection code Home library Current library Shelving location Date acquired Source of acquisition Inventory number Total Checkouts Full call number Date last seen Date shelved Koha item type Public note
    Library of Congress Classification Ödünç verilemez-Teknik işlemde / Not for loan-In technical process Genel Koleksiyon Merkez Kütüphane Merkez Kütüphane Genel Koleksiyon / Main Collection 22/01/2026 Bağış / Donation MAT   QA379 .G34513 1966 16/04/2026 16/04/2026 Book Donated by Ahmet Okay Çelebi
Devinim Yazılım Eğitim Danışmanlık tarafından Koha'nın orjinal sürümü uyarlanarak geliştirilip kurulmuştur.